Normal view
MARC view
Entry Personal Name
001 - CONTROL NUMBER
- control field: 50756
003 - CONTROL NUMBER IDENTIFIER
- control field: dpl
005 - DATE AND TIME OF LATEST TRANSACTION
- control field: 20120803170958.0
008 - FIXED-LENGTH DATA ELEMENTS
- fixed length control field: 120803|||a|||||| | ||| d
040 ## - CATALOGING SOURCE
- Original cataloging agency: dpl
- Transcribing agency: dpl
100 ## - HEADING--PERSONAL NAME
- Personal name: रोज़ालिंड विलसन
670 ## - SOURCE DATA FOUND
- Source citation: Work cat.: (dpl)62424: रोज़ालिंड विलसन, एक अनमोल साथी के लिए /, 2010
670 ## - SOURCE DATA FOUND
- Source citation: Work cat.: (dpl)62424: रोज़ालिंड विलसन, एक अनमोल साथी के लिए /, 2010
